00402nam a2200157Ia 4500008004100000020001500041041001200056082001100068100001600079245007800095250000800173260002500181300000800206650001500214700001500229221030s9999 xx 000 0 und d a8120312388 aEnglish a105.23 aS. Onkvisit 0aInternational Marketing - Analysis & Strategycby S. Onkvisit, J. J. Shaw a3rd bPHIaNew Delhic2009 a750 aManagement aJ. J. Shaw